000 00945cam a2200301 i 4500
001 .b28222301
003 YEEZEN
005 20250711152527.0
008 240619s2023 ch a e b 000 0cchi d
020 _a9789869221726
_q(平裝)
040 _aTWFJU
_bchi
_eccr
_cTWFJU
042 _anbic
090 _a419.333
222 _a驚蟄 :醫者的初心
245 0 0 _a驚蟄 :醫者的初心
_b長庚醫院創始的足跡與淬鍊 : 醫者的初心 /
_c簡榮南主編
246 3 0 _a長庚醫院創始的足跡與淬鍊
246 3 0 _a醫者的初心
250 _a初版
260 _a桃園市 :
_b長庚醫療財團法人林口長庚紀念醫院,
_c2023.11
300 _a271面 :
_b部分彩圖 ;
_c23公分
504 _a參考書目: 面37.
610 2 7 _a林口長庚紀念醫院
_2lcstt.
650 7 _a口述歷史
_2lcstt.
650 7 _a人物志
_2lcstt.
650 7 _a訪談
_2lcstt.
700 1 _a簡, 榮南
942 _2ccl
_cBOOK
999 _c7656
_d7656